<?xml version="1.0" encoding="UTF-8"?>
<marc:record xmlns:marc="http://www.loc.gov/MARC21/slim">
   <marc:leader>00000nam a2200000 a 4500</marc:leader>
   <marc:datafield ind1="1" ind2=" " tag="100">
      <marc:subfield code="a">Wallis de Vries, Mel</marc:subfield>
      <marc:subfield code="4">aut</marc:subfield>
      <marc:subfield code="e">Verfasser/-in</marc:subfield>
   </marc:datafield>
   <marc:datafield ind1="0" ind2="0" tag="245">
      <marc:subfield code="a">Ich sehe was, was du nicht siehst</marc:subfield>
   </marc:datafield>
   <marc:datafield ind1="0" ind2="0" tag="245">
      <marc:subfield code="c">Mel Wallis de Vries ; Übersetzung aus dem Niederländischen von Verena Kiefer</marc:subfield>
   </marc:datafield>
   <marc:datafield ind1=" " ind2="1" tag="264">
      <marc:subfield code="a">Köln</marc:subfield>
      <marc:subfield code="b">one</marc:subfield>
      <marc:subfield code="c">2020</marc:subfield>
   </marc:datafield>
   <marc:datafield ind1="1" ind2=" " tag="520">
      <marc:subfield code="a">Emma ist verschwunden. Das letzte Mal haben ihre Freundinnen sie auf dem Weihnachtsfest gesehen. Seitdem gilt sie als vermisst. Zwar fehlt sie Lilly, Anouk, Bo und Mabel, dennoch beschließen die Mädchen schweren Herzens, den mit Emma geplanten Urlaub auch ohne sie anzutreten. Doch im Ferienort haben die Freundinnen das Gefühl, beobachtet zu werden. Als dann das T-Shirt in Bos Tasche auftaucht, das Emma trug, als sie verschwand, sind alle sich sicher: Emmas Mörder hat es auch auf sie abgesehen!</marc:subfield>
   </marc:datafield>
   <marc:datafield ind1=" " ind2=" " tag="020">
      <marc:subfield code="a">9783846600979</marc:subfield>
      <marc:subfield code="9">9783846600979</marc:subfield>
   </marc:datafield>
   <marc:datafield ind1=" " ind2=" " tag="020">
      <marc:subfield code="a">3846600970</marc:subfield>
      <marc:subfield code="9">3846600970</marc:subfield>
   </marc:datafield>
   <marc:datafield ind1=" " ind2=" " tag="041">
      <marc:subfield code="a">ger</marc:subfield>
   </marc:datafield>
   <marc:datafield ind1=" " ind2=" " tag="300">
      <marc:subfield code="a">229 Seiten</marc:subfield>
   </marc:datafield>
</marc:record>
